000 00738nam a2200205Ia 4500
005 20241129110126.0
008 241129s9999||||xx |||||||||||||| ||und||
037 _aTB
040 _aARTS
_bpun
_cARTS
041 _apun
_2pun
084 _aQ8441:21:g 153Q2
_qARTS
100 _aਗਿਲ, ਮਹਿੰਦਰ ਕੌਰ, ਚ।
_9158645
245 0 _aਬਾਣੀ ਦੀ ਕਾਵਿ- ਸ਼ਾਸਤਰੀ ਦ੍ਰਿਸ਼ਟੀ
_cਗਿਲ, ਮਹਿੰਦਰ ਕੌਰ, ਚ।
260 _aਦਿੱਲੀ, ਭਾਰਤ
_bਦਿੱਲੀ ਸ਼ਿਲਾਲੇਖ
_c2017
300 _a76ਪ੍ਰ0
365 _aINR
_b300
650 _aSikkhism
_9726471
942 _cTB
_hQ8441:21:g 153Q2
999 _c1227397
_d1227397